00567nam a22002057a 450000500170000001000130001702000100003003500130004003700160005304000120006908200130008110000150009424500670010926000360017627000490021230000240026150000190028565000220030465000350032620170124105943.0 aA-752109 c00.00 aA-752109 bCen Lib/Ret aDPLbEN a260bDUG aDuggal,K S aThe akal takht : cby K S Duggalbother seats of sikh polity / aNew DelhibUBS publishersc1995 a5,Aansari road Darya GanjbNew Delhie110002 axi,163p. c21cm(Hb) aincludes index zPolitical science aSikhs--Politics and government